01124cam a22002411 4500001001300000003000400013005001700017008004100034010001700075035002000092040002100112042001200133050002300145100003200168245029500200260009200495300009400587410009500681504003000776650002400806650002600830700002600856gs 21000443 DLC20260227111326.0891016s1921 ag abf b 000 0 spa  ags 21000443  a(OCoLC)20495963 aDLCcCUdCUdDLC apremarc00aQE231b.A28 no. 241 aWindhausen, Anselmo,d1882-00aInforme sobre un viaje de reconocimiento geológico en la parte nordeste del Territorio del Chubut,bcon referencia especial a la cuestión de la provisión de agua de Puerto Madryn,cpor el Dr. Anselmo Windhausen. Con un estudio petrográfico de algunas rocas, por el dr. Robert Beder. aBuenos Aires,bTalleres gráficos del Ministerio de agricultura de la nación,c1921. a1 p. l., 72 p.bV pl. (incl. 2 fold. maps, fold. profile) maps, profiles, diagrs.c27 cm.10aArgentina.bDirección General de Minas y Geología.tBoletinvno. 24. Ser. B (Geologia) a"Bibliografia": p. 51-53. 0aGeologyzArgentina. 0aPetroleumzArgentina.1 aBeder, Robert,d1885-